00624nam a2200157 i 450000100060000000300090000600500170001500700030003200800410003510000490007624502200012526000550034530000220040065000230042285200210044545825ES-MaACL20251005063040.0t|030327s1840 fr ||||1| fre d1 aCollin Des Gimées, Victorine, d1797?-18..10aManuel de l'institutrice b: ou instructions propres à diriger les jeunes personnes qui se destinent à l'enseignement public ou particulier : suivies de questionnaires développés... / cpar Mme V. Collin,... aParis : bL. Hachette, c1840 (fA. Gratist et Ci) a224 p. ; c21 cm.07aPedagogía2embne aES-MaACLjC-3457